Modernización del Estado para la reactivación y desarrollo de la agricultura
Na minha lista:
| Autor principal: | |
|---|---|
| Autor Corporativo: | |
| Formato: | Texto |
| Publicado em: |
s.l.:
IICA
|
| Tags: |
Adicionar Tag
Sem tags, seja o primeiro a adicionar uma tag!
|
MARC
| LEADER | 00000 a a2200000 04500 | ||
|---|---|---|---|
| 001 | 23101 | ||
| 003 | |||
| 040 | |a CRAI/IIS |c CRAI/IIS | ||
| 090 | |a 159400 | ||
| 100 | |a Martínez Nogueira, Roberto | ||
| 110 | |a Instituto Interamericano de Cooperación para la Agricultura | ||
| 245 | |a Modernización del Estado para la reactivación y desarrollo de la agricultura | ||
| 260 | |a s.l.: |b IICA | ||
| 300 | |a 35 p. | ||
| 999 | |c 7127 |d 7127 | ||
